000
00216 a2200097 4500
020
_a
9789364872201
100
_a
Group of authors
245
_a
23 Kathakal(23 കഥകൾ)
260
_b
D C books
_c
2025
942
_c
OO
999
_c
115244
_d
115243